| 000 | 00423nam a2200109Ia 4500 | ||
|---|---|---|---|
| 008 | 171212s9999 xx 000 0 und d | ||
| 100 | _aPrice, Carter C.;Saltzman, Evan | ||
| 245 |
_cPrice, Carter C.;Saltzman, Evan _aDelaying the Employer Mandate _bSmall Change in the Short Term, Big Cost in the Long Run |
||
| 260 |
_bRAND Corporation _c2013 |
||
| 650 | _aBusiness | ||
| 856 | _uhttp://www.jstor.org/stable/10.7249/j.ctt5hht28 | ||
| 999 |
_c351925 _d351925 |
||